Deutsch für Juristen mit Glossar

Gespeichert in:
Bibliographische Detailangaben
1. Verfasser: Abrahámová, Eva
Format: Buch
Sprache:Deutsch
Veröffentlicht: Bratislava Wolters Kluwer 2014
Ausgabe:5. vyd.
Schlagworte:
Tags: Tag hinzufügen
Keine Tags, Fügen Sie das erste Tag hinzu!

MARC

LEADER 00000nam a2200000 4500
001 0204338
005 20240314090358.6
020 |a 978-80-8168-112-7 
041 0 |a ger 
044 |a SK 
245 1 0 |a Deutsch für Juristen mit Glossar  |c Eva Abrahámová 
250 |a 5. vyd. 
264 1 |a Bratislava  |b Wolters Kluwer  |c 2014 
300 |a 316 s. 
610 2 0 |a nemčina 
610 2 0 |a jazyky cudzie 
610 2 0 |a právo 
610 2 0 |a Nemecko 
610 2 0 |a Rakúsko 
100 1 |a Abrahámová, Eva